[Event "19th Open"]
[Site "?"]
[Date "2007.08.27"]
[Round "?"]
[White "Estremera Panos, Sergio"]
[Black "Korneev, Oleg"]
[WhiteElo "2375"]
[BlackElo "2565"]
[Result "1-0"]

1. d4 d5 2. c4 c6 3. Nf3 Nf6 4. Nc3 e6 5. e3 Nbd7 6. Qc2 Bd6 7. e4 dxe4 8. Nxe4 Nxe4 9. Qxe4 Nf6 10. Qc2 b6 11. Bd3 c5 12. Bg5 Bb7 13. dxc5 bxc5 14. Bxf6 Qxf6 15. Be4 Bxe4 16. Qxe4 O-O 17. Rd1 Bc7 18. O-O Rad8 19. Qe2 g6 20. g3 Kg7 21. Kg2 h6 22. b3 Qc3 23. Rxd8 Rxd8 24. Rd1 Rxd1 25. Qxd1 Be5 26. Nxe5 Qxe5 27. Qd2 Qe4+ 28. Kg1 g5 29. h3 e5 30. Qa5 Qd4 31. Qxa7 e4 32. Qe7 Kg6 33. Kg2 h5 34. a4 Qd3 35. Qxc5 Qf3+ 36. Kh2 h4 37. g4 Qxb3 38. Qf5+ Kg7 39. Qxg5+ Kf8 40. Qd8+ Kg7 41. Qd4+ f6 42. g5 Qxa4 43. Qxf6+ Kg8 44. Qe6+ Kg7 45. Qf6+ Kg8 46. Qg6+ Kh8 47. Qxe4 Qd7 48. Qxh4+ Kg8 49. Qf4 Qc6 50. Qe5 Qxc4 51. Qe8+ Kg7 52. Qe7+ Kg6 53. Qf6+ Kh7 54. g6+ Kh6 55. g7+ Kh7 56. Qf5+ Kh6 57. Qg4 Qc6 58. g8=N+ Kh7 59. Qd7+ 

1-0

[Event "19th Open"]
[Site "?"]
[Date "2007.08.25"]
[Round "?"]
[White "Estremera Panos, Sergio"]
[Black "Komarov, D"]
[WhiteElo "2375"]
[BlackElo "2550"]
[Result "1-0"]

1. d4 Nf6 2. c4 e6 3. Nc3 Bb4 4. e3 c5 5. Bd3 Nc6 6. Nf3 Bxc3+ 7. bxc3 d6 8. e4 e5 9. d5 Ne7 10. Nh4 h6 11. h3 g5 12. Nf3 Ng6 13. g3 Ke7 14. Nd2 Bd7 15. Nf1 Qc8 16. Ne3 Bxh3 17. Nf5+ Bxf5 18. exf5 e4 19. fxg6 exd3 20. g7 Rh7 21. Qxd3 Qg8 22. Rb1 b6 23. Rb2 Qxg7 24. Re2+ Kf8 25. O-O Rd8 26. f4 Kg8 27. fxg5 hxg5 28. Qf5 Nh5 29. Kg2 g4 30. Re4 Kh8 31. Rxg4 Qxc3 32. Rh1 Qe5 33. Qf2 Rg8 34. Bb2 Rxg4 35. Bxe5+ dxe5 36. Qf5 Rxg3+ 37. Kf2 e4 38. Rxh5 Rf3+ 39. Qxf3 exf3 40. Rxh7+ Kxh7 41. d6 

1-0

[Event "Open del Centenario"]
[Site "?"]
[Date "2005.12.01"]
[Round "?"]
[White "Estremera Panos, Sergio"]
[Black "Krivoshey, Sergei"]
[WhiteElo "2366"]
[BlackElo "2533"]
[Result "1-0"]

1. c4 Nf6 2. Nc3 c5 3. Nf3 e6 4. g3 b6 5. Bg2 Bb7 6. O-O Be7 7. Re1 d6 8. e4 a6 9. d4 cxd4 10. Nxd4 Qc7 11. Be3 Nbd7 12. f4 h5 13. Rc1 Nc5 14. Bf2 Ng4 15. b4 Nxf2 16. Kxf2 Nd7 17. Nd5 Qb8 18. Nxe7 Kxe7 19. Nf5+ exf5 20. exf5+ Kf8 21. Bxb7 Qxb7 22. Qxd6+ Kg8 23. Re7 h4 24. g4 h3 25. Rg1 Rd8 26. g5 Qb8 27. Rd1 Nf8 28. Qxd8 Qxf4+ 29. Ke1 Qh4+ 30. Kd2 Qxg5+ 31. Kc3 Qf6+ 32. Kb3 Qxf5 33. Re8 Kh7 

1-0

[Event "3rd Artemis Cup"]
[Site "?"]
[Date "2011.07.14"]
[Round "?"]
[White "Estremera Panos, Sergio"]
[Black "Jeremic, Veljko"]
[WhiteElo "2364"]
[BlackElo "2519"]
[Result "1-0"]

1. d4 d5 2. c4 c6 3. cxd5 cxd5 4. Nc3 Nf6 5. Nf3 Nc6 6. Bf4 a6 7. Ne5 e6 8. Nxc6 bxc6 9. g3 c5 10. Bg2 Bb7 11. O-O c4 12. b3 Bb4 13. Na4 Rc8 14. bxc4 Rxc4 15. Qb3 Qe7 16. Rac1 O-O 17. a3 Rxc1 18. Rxc1 Ba5 19. Nc5 Bc8 20. Qa4 Bb6 21. Qc6 Qd8 22. Rb1 Bxc5 23. dxc5 Qa5 24. Bd6 Re8 25. Bf3 Qxa3 26. Qc7 e5 27. Bxe5 Ne4 28. Bxe4 dxe4 29. Rb8 

1-0

[Event "Mondariz op"]
[Site "?"]
[Date "1994.??.??"]
[Round "?"]
[White "Estremera Panos, Sergio"]
[Black "Rodriguez, Amador"]
[WhiteElo "2365"]
[BlackElo "2515"]
[Result "1-0"]

1. d4 Nf6 2. c4 e6 3. Nc3 Bb4 4. Bg5 h6 5. Bh4 c5 6. d5 d6 7. e3 Bxc3+ 8. bxc3 Qe7 9. Bd3 Nbd7 10. Nf3 e5 11. Nd2 Kd8 12. O-O g5 13. Bg3 h5 14. h4 g4 15. Qc2 Kc7 16. a4 Nf8 17. a5 Rh6 18. Bf5 Bxf5 19. Qxf5 Qd7 20. Qc2 Ng6 21. Rab1 Rb8 22. Rb2 Ng8 23. f4 gxf3 24. Rxf3 Rh7 25. Ne4 Rg7 26. Ng5 Nh6 27. Rxf7 Nxf7 28. Ne6+ Kc8 29. Nxg7 Qg4 30. Qf5+ Qxf5 31. Nxf5 Kc7 32. Rf2 Rh8 33. Ng7 Nh6 34. Rf6 Ne7 35. Bxe5 Ng4 36. Bxd6+ Kd7 37. Re6 

1-0

[Event "7th Festival - Open A"]
[Site "?"]
[Date "2009.09.01"]
[Round "?"]
[White "Estremera Panos, Sergio"]
[Black "Maiorov, Nikita"]
[WhiteElo "2394"]
[BlackElo "2513"]
[Result "1-0"]

1. d4 Nf6 2. c4 e6 3. Nc3 Bb4 4. e3 O-O 5. Bd3 d5 6. Nf3 c5 7. O-O Nc6 8. a3 Bxc3 9. bxc3 dxc4 10. Bxc4 Qc7 11. Bb2 e5 12. h3 Bf5 13. Bb5 e4 14. Nd2 Rfd8 15. Qe2 Bg6 16. Bxc6 bxc6 17. c4 Rab8 18. Bc3 Nd7 19. f3 exf3 20. Qxf3 f6 21. h4 h6 22. h5 Bh7 23. Qg4 Qd6 24. Rf3 Re8 25. Rg3 Re7 26. Rf1 Kh8 27. Rf4 Rbe8 28. Nb3 cxd4 29. Bb4 c5 30. Nxc5 Ne5 31. Qd1 Qd8 32. exd4 Nxc4 33. Qg4 Qd5 34. Ne4 Qxd4+ 35. Kh2 Ne5 36. Qh4 Bxe4 37. Bxe7 Rxe7 38. Rxe4 Qf2 39. Rb4 a5 40. Rb8+ Kh7 41. Qe4+ f5 42. Qa8 Nf7 43. Rg8 Qd4 44. R8xg7+ Qxg7 45. Rxg7+ Kxg7 46. Qxa5 Kf6 47. a4 Ne5 48. Qc3 Kg5 49. a5 Ng4+ 50. Kg1 Re6 51. Qa1 Ra6 52. g3 Kxh5 53. Qa4 Re6 54. a6 Re1+ 55. Kg2 Re2+ 56. Kf1 Re7 57. a7 Ne3+ 58. Ke1 

1-0

[Event "38th Seville Open"]
[Site "?"]
[Date "2013.01.15"]
[Round "?"]
[White "Estremera Panos, Sergio"]
[Black "Khamrakulov, Ibragim S"]
[WhiteElo "2367"]
[BlackElo "2509"]
[Result "1-0"]

1. d4 Nf6 2. c4 e6 3. Nc3 Bb4 4. e3 c5 5. Bd3 d5 6. Nf3 dxc4 7. Bxc4 cxd4 8. exd4 O-O 9. O-O Nbd7 10. Qe2 Nb6 11. Bb3 Bd7 12. Bg5 Bc6 13. Rad1 Nbd5 14. Rd3 h6 15. Bc1 Nh5 16. Bxd5 Bxd5 17. Ne5 Nf6 18. Rg3 Kh8 19. Rh3 Nh7 20. Qh5 Bxc3 21. bxc3 Nf6 22. Qxf7 Be4 23. Rg3 Rg8 24. Qxe6 Qe8 25. Qxe8 Rgxe8 26. c4 Kh7 27. Re3 b6 28. Rfe1 Bb7 29. Nd7 Rxe3 30. Nxf6+ gxf6 31. Rxe3 Ba6 32. Re7+ Kg6 33. Rc7 Rc8 34. Rxc8 Bxc8 35. f3 Be6 36. d5 Bf5 37. Be3 Bd3 38. c5 bxc5 39. Bxc5 a6 40. Kf2 Kf7 41. a3 h5 42. Ke3 Bf1 43. g4 h4 44. f4 Bh3 45. g5 Kg6 46. Be7 

1-0

[Event "Open"]
[Site "?"]
[Date "2002.12.22"]
[Round "?"]
[White "Estremera Panos, Sergio"]
[Black "Cifuentes Parada, Roberto"]
[WhiteElo "2359"]
[BlackElo "2507"]
[Result "1-0"]

1. d4 d5 2. c4 c6 3. Nf3 Nf6 4. Nc3 e6 5. Bg5 dxc4 6. e4 b5 7. e5 h6 8. Bh4 g5 9. Nxg5 hxg5 10. Bxg5 Nbd7 11. g3 Bb7 12. Bg2 Qb6 13. exf6 O-O-O 14. O-O Bh6 15. Bxh6 Rxh6 16. Ne4 c5 17. Qf3 Rxf6 18. Nd6+ Kc7 19. Qxf6 Nxf6 20. dxc5 Qa6 21. Bxb7 Qa5 22. Bf3 Qb4 23. a4 Qxc5 24. Nb7 Qf5 25. Nxd8 Qxf3 26. Nxf7 Nd7 27. Ng5 Qg4 28. h4 b4 29. Rae1 Nc5 30. Re5 Kc6 31. Rfe1 c3 32. bxc3 bxc3 33. Nxe6 Nd3 34. R5e4 Qg8 35. R1e3 c2 36. Rc4+ Kb6 37. Rxd3 Qxe6 38. Rxc2 Qe4 39. Rb3+ Ka6 40. Ra2 Ka5 41. Rab2 a6 42. Re3 Qc4 43. Rbe2 Qd4 44. Re4 

1-0

[Event "Orense op"]
[Site "?"]
[Date "1994.??.??"]
[Round "?"]
[White "Estremera Panos, Sergio"]
[Black "Rivas Pastor, Manuel"]
[WhiteElo "2345"]
[BlackElo "2505"]
[Result "1-0"]

1. d4 d5 2. c4 e6 3. Nc3 c6 4. e4 dxe4 5. Nxe4 Bb4+ 6. Bd2 Qxd4 7. Bxb4 Qxe4+ 8. Be2 Na6 9. Bc3 Ne7 10. Bxg7 Rg8 11. Bc3 Qxg2 12. Qd2 Qxh1 13. O-O-O Nd5 14. Nf3 Qg2 15. cxd5 exd5 16. Qe3+ Be6 17. Rg1 Qxg1+ 18. Nxg1 Rxg1+ 19. Kc2 Kd7 20. Bxa6 bxa6 21. Qc5 Rg6 22. Qb4 Rc8 23. Be5 Ke8 24. Qb7 Rg4 25. Bd6 Bd7 26. Qxa7 Rg6 27. Bc5 Rg4 28. Kd2 Ra4 29. a3 Rc4 30. b3 Re4 31. Qxa6 Re6 32. a4 Rb8 33. Qa7 Rd8 34. a5 Bc8 35. a6 Bxa6 36. Qxa6 f6 37. Qb7 h5 38. Qg7 Re4 39. f3 Re5 40. Qxf6 

1-0

[Event "Leon"]
[Site "?"]
[Date "1997.06.11"]
[Round "?"]
[White "Estremera Panos, Sergio"]
[Black "De La Villa Garcia, Jesus Maria"]
[WhiteElo "2430"]
[BlackElo "2495"]
[Result "1-0"]

1. d4 f5 2. g3 g6 3. Bg2 Nf6 4. Nf3 Bg7 5. O-O O-O 6. c4 d6 7. Nc3 Nc6 8. d5 Ne5 9. Qb3 Nxf3+ 10. Bxf3 Nd7 11. Qc2 Ne5 12. Bg2 Nxc4 13. Nb5 a6 14. Qxc4 axb5 15. Qxb5 Qd7 16. Qc4 Ra5 17. b4 Ra8 18. Rb1 e5 19. dxe6 Qe7 20. Bg5 Bf6 21. Bxf6 Rxf6 22. b5 Bxe6 23. Bd5 Qf7 24. Bxe6 Rxe6 25. Rfc1 Re7 26. Rb2 b6 27. e3 Ra7 28. Qd4 Re4 29. Qd2 Rea4 30. h4 h5 31. Rc3 Re4 32. Rbc2 Re5 33. a4 Kh7 34. Kh2 Qg7 35. Rc6 Re7 36. R2c4 Qa1 37. Qc2 Qg7 38. e4 Rxe4 39. Rxe4 fxe4 40. Qxe4 Qf7 41. Kg2 Kg8 42. Rc3 d5 43. Qe5 Qd7 44. Rc6 Qg7 45. Qe8+ Kh7 46. Qb8 

1-0

[Event "Leon"]
[Site "?"]
[Date "1997.06.12"]
[Round "?"]
[White "Estremera Panos, Sergio"]
[Black "Izeta Txabarri, Felix"]
[WhiteElo "2430"]
[BlackElo "2490"]
[Result "1-0"]

1. e4 c6 2. d4 d5 3. exd5 cxd5 4. c4 Nf6 5. Nc3 e6 6. Nf3 Bb4 7. cxd5 Nxd5 8. Qc2 Nc6 9. a3 Be7 10. Bd3 Nf6 11. O-O O-O 12. Rd1 Bd7 13. d5 exd5 14. Nxd5 h6 15. Nxe7+ Nxe7 16. Ne5 Ned5 17. Nxd7 Qxd7 18. Bf5 Qb5 19. b4 Rfd8 20. Bb2 Nf4 21. g3 N4d5 22. Rac1 a5 23. Bd3 Qb6 24. Bd4 Qd6 25. Bc4 Rac8 26. Qb3 b5 27. Bxd5 Rxc1 28. Bxf7+ Kh8 29. Rxc1 Qxd4 30. bxa5 Ng4 31. Qc2 Rf8 32. h3 Nxf2 33. Qxf2 Qxf2+ 34. Kxf2 Rxf7+ 35. Ke3 Ra7 36. Kd4 Rxa5 37. Rc3 Ra8 38. Kc5 Rc8+ 39. Kb4 Rb8 40. Rc5 Re8 41. h4 Re3 42. Rxb5 Rxg3 43. h5 g6 44. Rb8+ Kg7 45. Rb7+ Kf6 46. Rb6+ Kf5 47. Rxg6 Re3 48. a4 

1-0

[Event "6th Andorra op"]
[Site "?"]
[Date "1998.??.??"]
[Round "?"]
[White "Estremera Panos, Sergio"]
[Black "Relange, Eloi"]
[WhiteElo "2400"]
[BlackElo "2490"]
[Result "1-0"]

1. d4 Nf6 2. Nf3 g6 3. g3 Bg7 4. Bg2 O-O 5. O-O d6 6. a4 a5 7. c3 Nbd7 8. Nbd2 e5 9. dxe5 dxe5 10. Nc4 Qe7 11. b3 e4 12. Ba3 Nc5 13. Nd4 b6 14. b4 axb4 15. cxb4 Ne6 16. Nc6 Qd7 17. b5 Re8 18. Qc2 Ng5 19. Rad1 Nh3+ 20. Kh1 Qe6 21. Nd8 Qf5 22. Ne3 Nxf2+ 23. Kg1 Nh3+ 24. Bxh3 Qg5 25. Qb3 Bxh3 26. Qxf7+ Kh8 27. Qxe8+ Nxe8 28. Nf7+ Kg8 29. Nxg5 Bxf1 30. Kxf1 

1-0

[Event "Las Palmas op"]
[Site "?"]
[Date "1996.??.??"]
[Round "?"]
[White "Estremera Panos, Sergio"]
[Black "Fernandez Garcia, Jose Luis"]
[WhiteElo "2355"]
[BlackElo "2490"]
[Result "1-0"]

1. d4 Nf6 2. c4 g6 3. Nc3 d5 4. Nf3 Bg7 5. Bf4 O-O 6. Rc1 dxc4 7. e4 Bg4 8. Bxc4 Nfd7 9. Be2 Bxf3 10. Bxf3 Bxd4 11. Qxd4 e5 12. Bxe5 Nc6 13. Bxc7 Nxd4 14. Bxd8 Raxd8 15. Be2 Ne5 16. f3 f5 17. Rd1 Kg7 18. Nd5 Nc2+ 19. Kd2 Nd4 20. Ke3 Nc2+ 21. Kd2 Nd4 22. Bd3 Ne6 23. Ke3 fxe4 24. Bxe4 Nc4+ 25. Ke2 Nxb2 26. Rb1 Nc4 27. Rxb7+ Rf7 28. Rxf7+ Kxf7 29. Rc1 Nd6 30. Ke3 Nf5+ 31. Bxf5 gxf5 32. Nf4 Rd6 33. Rc4 Ra6 34. a4 Nxf4 35. Kxf4 Kf6 36. h4 h6 37. g3 Ke6 38. Rb4 Kf6 39. Ke3 Ke6 40. Kd4 Kd6 41. Kc4 Ra5 42. Rb5 Rxa4+ 43. Kb3 Rd4 44. Rxf5 Ke6 45. g4 h5 46. Rxh5 Rd3+ 47. Kc2 Rxf3 48. Kd2 Rh3 49. Ke1 a5 50. Kf2 a4 51. Kg2 Rb3 52. Ra5 a3 53. h5 Rb2+ 54. Kg3 a2 55. Kh4 Kf6 56. Ra6+ Kg7 57. Ra7+ Kg8 58. h6 Rh2+ 59. Kg5 Rb2 60. Kh5 Kh8 61. g5 

1-0

[Event "Vendrell op"]
[Site "?"]
[Date "1996.??.??"]
[Round "?"]
[White "Estremera Panos, Sergio"]
[Black "Gomez Esteban, Juan Mario"]
[WhiteElo "2385"]
[BlackElo "2475"]
[Result "1-0"]

1. d4 Nf6 2. c4 e6 3. Nc3 Bb4 4. e3 c5 5. Ne2 b6 6. a3 Ba5 7. Rb1 Qe7 8. Bd2 O-O 9. Ng3 Ba6 10. b4 cxb4 11. axb4 Bxb4 12. Rxb4 Qxb4 13. Nd5 Nxd5 14. Bxb4 Nxb4 15. Qb1 N4c6 16. Ne4 Ne7 17. Nd6 Nbc6 18. Bd3 h6 19. O-O Nc8 20. Nb5 Bxb5 21. cxb5 Na5 22. Qb4 Rd8 23. e4 d5 24. e5 Rd7 25. f4 Ne7 26. g4 Nc4 27. Qe1 a5 28. f5 a4 29. fxe6 fxe6 30. Qf2 a3 31. Qf7+ Kh8 32. g5 Rg8 33. Qxe6 Ra7 34. Rf7 Rga8 35. gxh6 Rg8 36. Kh1 a2 37. hxg7+ Rxg7 38. Qh6+ Kg8 39. Qxg7# 

1-0

[Event "ESP-ch"]
[Site "?"]
[Date "1996.??.??"]
[Round "?"]
[White "Estremera Panos, Sergio"]
[Black "Comas Fabrego, Lluis"]
[WhiteElo "2385"]
[BlackElo "2470"]
[Result "1-0"]

1. d4 Nf6 2. c4 g6 3. Nc3 Bg7 4. e4 d6 5. f3 O-O 6. Be3 Nbd7 7. Qd2 c5 8. Nge2 a6 9. dxc5 dxc5 10. Rd1 Qc7 11. Nf4 e6 12. Nd3 b6 13. Be2 Bb7 14. Bf4 Qc6 15. Nf2 e5 16. Bg5 Rfe8 17. O-O Qc7 18. Ng4 Bc6 19. Qd6 Qb7 20. Nh6+ Bxh6 21. Bxh6 Re6 22. Qd2 Ne8 23. Nd5 Nd6 24. b4 a5 25. a3 axb4 26. axb4 cxb4 27. Qxb4 Ra4 28. Qb3 f6 

1-0

[Event "ESP-ch"]
[Site "?"]
[Date "1996.??.??"]
[Round "?"]
[White "Estremera Panos, Sergio"]
[Black "Izeta Txabarri, Felix"]
[WhiteElo "2385"]
[BlackElo "2470"]
[Result "1-0"]

1. d4 Nf6 2. c4 e6 3. Nc3 Bb4 4. e3 O-O 5. Nge2 Re8 6. a3 Bf8 7. e4 d5 8. e5 Nfd7 9. cxd5 exd5 10. Nxd5 c5 11. Be3 Nc6 12. Ndc3 cxd4 13. Nxd4 Nxd4 14. Bxd4 Nxe5 15. Be2 Qg5 16. Qd2 Qxg2 17. O-O-O Nf3 18. Bxf3 Qxf3 19. Rhg1 Bf5 20. Rg3 Qc6 21. h4 Rac8 22. f3 Qe6 23. Qg5 g6 24. h5 Red8 25. hxg6 fxg6 26. Rgg1 Qf7 27. Qf4 Rc4 28. Qe3 Rcc8 29. Qf4 Rxd4 30. Rxd4 Bg7 31. Rgd1 Bxd4 32. Qxd4 h5 33. Qxa7 Qb3 34. Rd2 Kh7 35. Qe3 Rc7 36. Qe5 Rf7 37. Qd4 Re7 38. Ne4 Rc7+ 39. Nc3 Qa2 40. Rc2 Bxc2 41. Nxa2 

1-0

[Event "Chambery France, Closed GM"]
[Site "?"]
[Date "2014.08.03"]
[Round "?"]
[White "Estremera Panos, Sergio"]
[Black "Bailet, Pierre"]
[WhiteElo "2345"]
[BlackElo "2469"]
[Result "1-0"]

1. d4 Nf6 2. c4 d6 3. Nf3 g6 4. Nc3 Bg7 5. e4 O-O 6. Be2 Nbd7 7. O-O e5 8. Be3 Qe7 9. Qc2 exd4 10. Nxd4 Re8 11. Rad1 Nb6 12. f3 d5 13. cxd5 Nfxd5 14. Nxd5 Nxd5 15. Nf5 Bxf5 16. Rxd5 Be6 17. Rd2 c6 18. Rfd1 Be5 19. f4 Bg7 20. Bc5 Qc7 21. Bd6 Qa5 22. b3 h5 23. h3 Bh6 24. h4 Qb6+ 25. Bc5 Qc7 26. Bd6 Qc8 27. g3 Bg4 28. Kh2 Bxe2 29. Rxe2 Qg4 30. Rf2 Rad8 31. e5 Bg7 32. Rdf1 f6 33. f5 g5 34. Rf4 gxf4 35. Rxf4 Rxe5 36. Rxg4 Rxd6 37. Re4 Red5 38. Re2 Rd3 39. Qc4+ R6d5 40. Qe4 Kh7 41. Rf2 Rd8 42. Qe6 Rd2 43. Rxd2 Rxd2+ 44. Kh3 Rxa2 45. Qf7 a5 46. Qxh5+ Kg8 47. Qe8+ Kh7 48. h5 Ra1 49. Kg4 Rh1 50. Kf3 Rh2 51. g4 b5 52. g5 

1-0

[Event "Cataluna-chT"]
[Site "?"]
[Date "1999.??.??"]
[Round "?"]
[White "Estremera Panos, Sergio"]
[Black "Rahal, Michael"]
[WhiteElo "2405"]
[BlackElo "2465"]
[Result "1-0"]

1. d4 e6 2. c4 f5 3. g3 Nf6 4. Bg2 d5 5. Qc2 c6 6. Nh3 Bd6 7. O-O O-O 8. Bf4 Be7 9. Bg5 h6 10. Bxf6 Bxf6 11. e3 g5 12. Nd2 b6 13. Rfc1 Bb7 14. b4 a5 15. bxa5 Rxa5 16. Rab1 Be7 17. a4 Nd7 18. cxd5 cxd5 19. Bf1 Ba3 20. Rd1 Bd6 21. Bb5 Nf6 22. f4 Ng4 23. Nf1 Kg7 24. Qd3 Qe7 25. Nd2 Raa8 26. Nf3 Nxe3 27. Qxe3 g4 28. Nhg5 hxg5 29. Nxg5 Rfc8 30. Re1 e5 31. fxe5 Bb4 32. Rf1 Rf8 33. Rxb4 Qxb4 34. Ne6+ Kh7 35. Qg5 Rf7 36. Qh5+ 

1-0

[Event "Andorra op"]
[Site "?"]
[Date "1997.??.??"]
[Round "?"]
[White "Estremera Panos, Sergio"]
[Black "Komljenovic, Davorin"]
[WhiteElo "2430"]
[BlackElo "2460"]
[Result "1-0"]

1. d4 Nf6 2. c4 c5 3. d5 b5 4. cxb5 a6 5. e3 Bb7 6. Nc3 axb5 7. Bxb5 Qa5 8. Bd2 Qb6 9. Nf3 Nxd5 10. Nxd5 Bxd5 11. a4 e6 12. Bc3 Qb7 13. O-O Be7 14. Ne1 Bf6 15. Bxf6 gxf6 16. Qg4 Ke7 17. Nd3 Na6 18. f3 d6 19. Nf4 Nb4 20. Qh4 Rag8 21. Nh5 Rg6 22. Nf4 Rg5 23. Qf2 Rhg8 24. h4 Rg3 25. e4 Bc6 26. Rfd1 Qb8 27. Bf1 Ba8 28. Ne2 R3g7 29. Nc3 Rd8 30. Rd2 Nc6 31. Nb5 e5 32. b4 Nd4 33. Nxd4 cxd4 34. b5 d5 35. Bd3 dxe4 36. fxe4 Rg4 37. Qe1 f5 38. Re2 fxe4 39. Bxe4 Bxe4 40. Rxe4 Rxe4 41. Qxe4 d3 42. Qb4+ Rd6 43. a5 d2 44. b6 Kf6 45. Rd1 Rd4 46. Qb3 Qd6 47. b7 Rb4 48. Qe3 Rxb7 49. Qf3+ Kg7 50. Qxb7 Qd4+ 51. Kf1 e4 52. Qb6 Qd3+ 53. Kf2 

1-0

[Event "6th ch-EU"]
[Site "?"]
[Date "2010.09.07"]
[Round "?"]
[White "Estremera Panos, Sergio"]
[Black "Vernay, C"]
[WhiteElo "2337"]
[BlackElo "2460"]
[Result "1-0"]

1. d4 d5 2. c4 c6 3. Nf3 Nf6 4. Nc3 dxc4 5. a4 Bf5 6. Nh4 Bd7 7. e4 e6 8. Bxc4 c5 9. d5 Nxd5 10. Nxd5 exd5 11. Qxd5 Qxh4 12. Bg5 Qh5 13. Qe5+ Be6 14. Bxe6 Nc6 15. Qc7 fxe6 16. Qxb7 Nd8 17. Qxa8 Qxg5 18. O-O Qe7 19. Qb8 Qb7 20. Qe5 Kf7 21. Ra3 Qd7 22. Qh5+ g6 23. Rd1 Qe8 24. Qe5 Kg8 25. Rf3 h6 26. h4 Rh7 27. h5 Nc6 28. Rxf8+ Kxf8 29. Qxc5+ Kg8 30. Rd6 Rc7 31. Qc4 Qc8 32. Rxe6 Kh7 33. hxg6+ Kh8 34. Qc3+ Kg8 35. Qb3 Kh8 36. Qc3+ Kg8 37. Qf6 Qd7 38. Rd6 Qc8 39. Re6 Ne7 40. Qe5 Qd7 41. Rd6 Qc8 42. Qf6 Qe8 43. Rd8 

1-0

[Event "Zaragoza op-A"]
[Site "?"]
[Date "1995.??.??"]
[Round "?"]
[White "Estremera Panos, Sergio"]
[Black "De La Riva Aguado, Oscar"]
[WhiteElo "2320"]
[BlackElo "2425"]
[Result "1-0"]

1. d4 d5 2. c4 c6 3. Nc3 Nf6 4. Nf3 e6 5. Bg5 dxc4 6. e4 b5 7. a4 Bb7 8. axb5 cxb5 9. Nxb5 Bxe4 10. Bxc4 Bb4+ 11. Nc3 O-O 12. O-O Bxc3 13. bxc3 Nbd7 14. Be2 Qc7 15. Qd2 Nd5 16. Rfc1 Bxf3 17. Bxf3 N7b6 18. c4 Nxc4 19. Qa2 Rac8 20. Be2 Ndb6 21. Rc2 Qc6 22. Bxc4 Nxc4 23. Rac1 Qd5 24. Be7 Ne3 25. fxe3 Qxa2 26. Rxc8 h6 27. Rxf8+ Kh7 28. Rxf7 Qd2 29. Rcf1 Qxe3+ 30. Kh1 

1-0

[Event "Burela op"]
[Site "?"]
[Date "1993.??.??"]
[Round "?"]
[White "Estremera Panos, Sergio"]
[Black "Mellado Trivino, Juan"]
[WhiteElo "2330"]
[BlackElo "2410"]
[Result "1-0"]

1. d4 d5 2. c4 Nc6 3. Nf3 e5 4. dxe5 Bb4+ 5. Bd2 dxc4 6. Nc3 Nge7 7. a3 Bxc3 8. Bxc3 Qxd1+ 9. Rxd1 b5 10. g3 a5 11. Bg2 b4 12. Bd4 Be6 13. O-O O-O-O 14. e3 h6 15. axb4 axb4 16. Ra1 b3 17. Bc5 Bd5 18. Rfc1 Kb7 19. Nd4 Rhe8 20. Bxe7 Nxe7 21. Rxc4 Bxg2 

1-0

[Event "Mondariz"]
[Site "?"]
[Date "1995.??.??"]
[Round "?"]
[White "Estremera Panos, Sergio"]
[Black "Glavina, Pablo"]
[WhiteElo "2350"]
[BlackElo "2400"]
[Result "1-0"]

1. d4 d5 2. c4 c6 3. Nf3 Nf6 4. Nc3 e6 5. Bg5 dxc4 6. e4 b5 7. e5 h6 8. Bh4 g5 9. Nxg5 Nd5 10. Nxf7 Qxh4 11. Nxh8 Bb4 12. Qd2 Nd7 13. Be2 c5 14. O-O-O Bb7 15. g3 Qh3 16. Qc2 Nxc3 17. bxc3 Ba3+ 18. Kb1 O-O-O 19. Nf7 cxd4 20. Nxd8 d3 21. Bxd3 cxd3 22. Qxd3 Nc5 23. Qxb5 Bxh1 24. Nc6 Be4+ 25. Ka1 Nb7 26. Nxa7+ Kb8 27. Qb6 Bd3 28. Nb5 

1-0

[Event "Genova Ducale op"]
[Site "?"]
[Date "2004.07.09"]
[Round "?"]
[White "Miladinovic, Igor"]
[Black "Estremera Panos, Sergio"]
[WhiteElo "2630"]
[BlackElo "2341"]
[Result "0-1"]

1. d4 Nf6 2. Bg5 d5 3. Bxf6 exf6 4. e3 Bd6 5. c4 dxc4 6. Bxc4 O-O 7. Nc3 f5 8. Nf3 Nd7 9. Qc2 Nf6 10. Bd3 g6 11. h4 h5 12. O-O-O c6 13. Kb1 Qe7 14. Ng5 Bb4 15. Ne2 Bd7 16. Nf4 Bd6 17. g3 Rae8 18. Rhg1 Ne4 19. Ngh3 Nf6 20. Rge1 Kg7 21. Rc1 Rc8 22. Qb3 b5 23. Ng5 a5 24. Qd1 a4 25. f3 a3 26. e4 axb2 27. Rc2 Bxf4 28. gxf4 Rfe8 29. Rc5 Nd5 30. Rg1 Qxc5 31. exd5 Qxd5 32. Bc2 c5 33. dxc5 Qxc5 34. Kxb2 Re7 35. Bb3 Qc3+ 36. Kb1 Rce8 37. Bxf7 Re1 38. Bxe8 Rxd1+ 39. Rxd1 Bxe8 

0-1

[Event "19th Open"]
[Site "?"]
[Date "2007.08.26"]
[Round "?"]
[White "Hamdouchi, Hicham"]
[Black "Estremera Panos, Sergio"]
[WhiteElo "2576"]
[BlackElo "2375"]
[Result "0-1"]

1. e4 c5 2. Nf3 Nc6 3. d4 cxd4 4. Nxd4 Nf6 5. Nc3 d6 6. Bg5 e6 7. Qd2 Be7 8. O-O-O a6 9. f3 O-O 10. h4 Qc7 11. h5 h6 12. Bh4 Nxd4 13. Qxd4 b5 14. g4 b4 15. Na4 Rb8 16. b3 Bd7 17. Nb2 Rfc8 18. Qd2 d5 19. Bd3 Bd6 20. Kb1 Bf4 21. Qe1 Be5 22. Ka1 a5 23. exd5 exd5 24. Rg1 Re8 25. Qd2 a4 26. bxa4 Ra8 27. g5 Nxh5 28. gxh6 Rxa4 29. Kb1 Rxa2 30. Kxa2 Qa5+ 31. Kb1 Ra8 

0-1

[Event "7th Anibal Open"]
[Site "?"]
[Date "2000.01.10"]
[Round "?"]
[White "Anastasian, Ashot"]
[Black "Estremera Panos, Sergio"]
[WhiteElo "2545"]
[BlackElo "2387"]
[Result "0-1"]

1. d4 Nf6 2. c4 e6 3. Nc3 Bb4 4. Qc2 O-O 5. a3 Bxc3+ 6. Qxc3 b6 7. Bg5 Bb7 8. f3 d5 9. cxd5 exd5 10. e3 Re8 11. Ne2 Nbd7 12. Ng3 h6 13. Bf4 c5 14. Bb5 a6 15. Ba4 b5 16. Bd1 cxd4 17. Qxd4 Rc8 18. O-O Rc4 19. Qa7 Bc8 20. Be2 g5 21. Bd6 Nb6 22. Bb4 Rxb4 23. axb4 Re7 24. Qb8 Nfd7 25. Qa7 Ne5 

0-1

[Event "5th Anibal op"]
[Site "?"]
[Date "1998.01.21"]
[Round "?"]
[White "Lobron, Eric"]
[Black "Estremera Panos, Sergio"]
[WhiteElo "2540"]
[BlackElo "2400"]
[Result "0-1"]

1. d4 Nf6 2. Nf3 e6 3. c4 b6 4. Nc3 Bb4 5. Bg5 Bb7 6. e3 h6 7. Bh4 Bxc3+ 8. bxc3 d6 9. Nd2 g5 10. Bg3 Qe7 11. h4 Rg8 12. hxg5 hxg5 13. Qa4+ Qd7 14. Qc2 Nc6 15. Be2 O-O-O 16. Rh6 Qe7 17. O-O-O Rh8 18. Rdh1 Rxh6 19. Rxh6 Ng8 20. Rh7 Nf6 21. Rh6 Ng8 22. Rh2 f5 23. f4 gxf4 24. exf4 Nf6 25. Bh4 Qg7 26. g3 Ne7 27. Bd3 Ng6 28. Bg5 Rh8 29. Re2 Nf8 30. Qa4 Qg6 31. Bxf6 Qxf6 32. Bxf5 Bf3 33. Bxe6+ Nxe6 34. Nxf3 Rh1+ 35. Kb2 Qf5 36. Qe8+ Kb7 37. Qxe6 Rb1+ 38. Ka3 

0-1

[Event "Open"]
[Site "?"]
[Date "2000.04.12"]
[Round "?"]
[White "Campora, Daniel H"]
[Black "Estremera Panos, Sergio"]
[WhiteElo "2534"]
[BlackElo "2353"]
[Result "0-1"]

1. e4 e5 2. Nf3 Nc6 3. d4 exd4 4. Nxd4 Nf6 5. Nc3 Bb4 6. Nxc6 bxc6 7. Bd3 d5 8. exd5 O-O 9. O-O cxd5 10. Bg5 c6 11. Qf3 Bd6 12. h3 h6 13. Bxf6 Qxf6 14. Qxf6 gxf6 15. Ne2 Be5 16. Rab1 c5 17. f4 c4 18. Bxc4 dxc4 19. fxe5 fxe5 20. Rf6 Rd8 21. Rbf1 Be6 22. Ng3 Rd2 23. R1f2 Rad8 24. Ne4 Rxf2 25. Rxf2 f5 26. Nc5 Kf7 27. Re2 Kf6 28. Kf2 Rd5 29. Na4 Bd7 30. Nc3 Rd4 31. b4 cxb3 32. axb3 Bc6 33. Na2 a5 34. c3 Rd1 35. Rb2 f4 36. b4 e4 37. bxa5 e3+ 38. Ke2 Rg1 39. Kd3 Rd1+ 40. Ke2 Rg1 41. Kd3 Bxg2 42. Nb4 Ke5 43. a6 Be4+ 44. Kc4 f3 45. Nd3+ Bxd3+ 46. Kxd3 f2 

0-1